Leonardo da vinci: (Record no. 181141)

MARC details
000 -LEADER
fixed length control field 00642nam a22001937a 4500
005 - DATE AND TIME OF LATEST TRANSACTION
control field 20210902144410.0
010 ## - LCCN (DPL NO)
LC control number B-741371
020 ## - INTERNATIONAL STANDARD BOOK NUMBER
International Standard Book Number 9780415253864
Terms of availability 175.00
035 ## - SYSTEM CONTROL NUMBER
System control number B-741371
037 ## - SOURCE OF ACQUISITION
Source of stock number/acquisition Gift
082 ## - DEWEY DECIMAL CLASSIFICATION NUMBER
Classification number 808.883
100 ## - MAIN ENTRY--PERSONAL NAME
Personal name Freud, Sigmund
245 ## - TITLE STATEMENT
Title Leonardo da vinci:
Remainder of title a memoir of his childhood /
Statement of responsibility, etc by Sigmund Freud ; translated by Alan Dyson
260 ## - PUBLICATION, DISTRIBUTION, ETC. (IMPRINT)
Name of publisher, distributor, etc Routledge
Date of publication, distribution, etc 2012
Place of publication, distribution, etc London
270 ## - ADDRESS
Address 11 New Fetter Lane
City London
300 ## - PHYSICAL DESCRIPTION
Extent 97p.:
Dimensions 20cm(pbk)
Other physical details ill.
942 ## - ADDED ENTRY ELEMENTS (KOHA)
Source of classification or shelving scheme Dewey Decimal Classification
Item type English Books
Call number suffix FRE
Classification part 808.883
Holdings
Withdrawn status Lost status Not for loan Collection code Home library Current library Date acquired Source of acquisition Cost, normal purchase price Full call number Barcode Copy number Cost, replacement price Koha item type Public note
      Non-fiction Central Library Central Library 02/09/2021 Gift/Eng/18-08-2021 175.00 808.883 FRE B-741371 1 175.00 English Books Gift

© Delhi Public Library
Hit Counter
free hit counter